000 00470nam a2200181Ia 4500
001 20154
005 20260306172745.0
008 260306t2008||||xx |||||||||||||| ||spa||
041 _aESP
082 _a342.8
_bD61 T. 2
100 _aDelgado Barreto, César
_eAUT
245 0 _aIntroducción al derecho internacional privado:
_bconflicto de leyes - parte especial
260 _c2008
300 _a
_c
650 _aGEN
654 _aCDE
942 _cLIB
_dJUS
_fJUS
_2ddc
_n
999 _c20154
_d20154